Quizzes
Events
Quiz Creation
Community
Videos
Private Events
Remove Ads
Sign In
Join for FREE
Feedback
Dark Mode
Quiz Categories
Sports
Geography
Music
Movies
Television
Just For Fun
Miscellaneous
History
Literature
Language
Science
Gaming
Entertainment
Religion
Holiday
For Kids
Quiz Lab
Recent
Popular Today
Quiz Kudos Today
Editor Picks
Curator Picks
Quizzes by...
Day
Popularity
Type
Ratings
Length
Year
Community
Subscriptions
Recent Discussions
Orange Saloon
Badges
Playlists
Quests
Create
Leaderboards
Showdown
Live 5
Trivia Bingo
Activity
Puzzle Library
Sporcle Events
Private Events
Virtual Trivia
Globe League
Become a Host
Pub Owners
SporcleCon
Opinionation
Our Games
Videos
Blog
Mobile Apps
Partnerships
Remove Ads and Go Orange
Feedback
Miscellaneous
Crossword
General Knowledge
Baby Names
Logo
Food
Cars
Numbers
Grab Bag
University
College
Popular
Company
Slogans
Restaurants
Justice
Letter
Miscellaneous
Crossword
General Knowledge
Baby Names
Logo
Food
Cars
Numbers
Grab Bag
University
College
Popular
Company
Slogans
Restaurants
Justice
Letter
Random Quiz
Search Sporcle
×
Quiz Lab
Quiz Lab
Miscellaneous
University
Type in answers that appear in a list
Type in answers that appear in a list
Classic
Best Score? Go Orange.
Universities in Canada Stats
Can you name the Universities in Canada?
By
backguy
10m
73 Questions
617 Plays
617 Plays
617 Plays
Comments
Comments
Give Quiz Kudos
Give Quiz Kudos
-
- Ratings
hide this ad
More Info
Replay
Link that replays current quiz
Next Quiz
Link to next quiz in quiz playlist
You Got
0%
They Got
Avg Score
39%
Avg Friend Score
Upgrade to see
Score Distribution
Jump to the score distribution portion of the page
Score
0/73
Timer
10:00
0
Plays Today
Province
University
% Correct
Ontario
University of Toronto
92.4%
British Columbia
University of British Columbia
91.1%
Quebec
McGill University
85.4%
Alberta
University of Alberta
80.7%
Alberta
University of Calgary
79.5%
Ontario
Queen's University
78.9%
Ontario
University of Western Ontario
76.3%
Ontario
University of Ottawa
75%
Ontario
University of Waterloo
72.4%
Quebec
Université du Québec � Montréal
72.2%
Saskatchewan
University of Saskatchewan
71.6%
Manitoba
University of Manitoba
70.6%
British Columbia
University of Victoria
70.5%
Ontario
York University
70.1%
Quebec
Université de Montréal
68.3%
Nova Scotia
Dalhousie University
66.6%
Ontario
McMaster University
63.6%
New Brunswick
University of New Brunswick
62%
Saskatchewan
University of Regina
61%
Quebec
Université Laval
60.1%
Ontario
Carleton University
59.9%
Ontario
Ryerson University
59.9%
Ontario
University of Windsor
58.3%
Manitoba
University of Winnipeg
56.7%
British Columbia
Simon Fraser University
56.3%
Ontario
University of Guelph
56%
Ontario
Wilfrid Laurier University
53.1%
Quebec
Concordia University
53.1%
Ontario
Brock University
51.3%
Prince Edward Island
University of Prince Edward Island
50.5%
Ontario
Lakehead University
48.1%
Ontario
Trent University
43%
Nova Scotia
Acadia University
42%
Newfoundland and Labrador
Memorial University of Newfoundland
41.1%
Nova Scotia
St. Francis Xavier University
40.1%
Ontario
Laurentian University
39.4%
Ontario
Nipissing University
38.6%
Province
University
% Correct
Quebec
Université de Sherbrooke
38%
Nova Scotia
Saint Mary's University
37%
New Brunswick
Université de Moncton
34.3%
Quebec
Bishop's University
31.3%
Alberta
University of Lethbridge
30.8%
British Columbia
University of Northern British Columbia
29.4%
New Brunswick
Mount Allison University
29.2%
Manitoba
Brandon University
28.7%
Ontario
University of Ontario Institute of Technology
23.5%
Nova Scotia
Cape Breton University
23.4%
Ontario
Royal Military College of Canada
21.8%
Ontario
Algoma University
20.8%
British Columbia
Thompson Rivers University
17.5%
Alberta
Mount Royal University
15.6%
New Brunswick
St. Thomas University
15.6%
Nova Scotia
University of King's College
15.3%
British Columbia
Royal Roads University
14%
British Columbia
University of the Fraser Valley
13.3%
Alberta
Grant MacEwan University
13%
Quebec
Université du Québec � Trois-Rivières
12.8%
Quebec
Université du Québec � Rimouski
12.3%
British Columbia
Vancouver Island University
12%
Quebec
Université du Québec � Chicoutimi
12%
British Columbia
Capilano University
10.9%
British Columbia
Kwantlen Polytechnic University
9.3%
Quebec
HEC Montréal
7.5%
Nova Scotia
Université Sainte-Anne
7%
Quebec
Université du Québec en Outaouais
7%
Nova Scotia
Mount Saint Vincent University
6.8%
Alberta
Athabasca University
6.7%
Quebec
École Polytechnique de Montréal
5.8%
Saskatchewan
First Nations University of Canada
5.2%
Quebec
Université du Québec en Abitibi-Témiscamingue
4.2%
Quebec
École de technologie supérieure
2.6%
Quebec
École nationale d'administration publique
1.6%
Quebec
Institut national de la recherche scientifique
0.6%
Quiz Playlist
Details
Report
Send in Message
Add To Playlist
More Info:
Only includes public universities. Does not include university colleges, art and design schools, or private universities.
Classic:
Type in answers that appear in a list
Quiz Source
Last Updated: Feb 16, 2017
Quiz Scoreboard
CHALLENGE
Sign Up to Join the Scoreboard
Show All
Scores
Hide
Comments
May contain spoilers
Recently Published
9x9 Crossword: Cartoon Network
by jackfrog10
Miscellaneous
3m
College Basketball Coaching Resumes
by pancakes188
Sports
9m
Billboard Blitz: Fleetwood Mac
by CooCooCachoo
Music
15s
More to Explore
Quiz From the Vault
Featured Blog Post
Where Did the Easter Bunny Come From?
hide this ad
You Might Also Like...
Tags
Canada Quiz
University Quiz
Province
Today's Top Quizzes in Miscellaneous
Browse Miscellaneous
hide this ad
Today's Top Quizzes in University
Browse University
Top Contributed Quizzes in Miscellaneous
1
5-to-1: Fast Food
2
The JOE quick-fire general knowledge quiz: Day 174
3
The JOE quick-fire general knowledge quiz: Day 173
4
5-to-1: Cocktails
5
The JOE quick-fire general knowledge quiz: Day 172
6
Sunday Crossword: Famous Bodies of Water
7
The JOE quick-fire general knowledge quiz: Day 171
8
Named After an Animal - Odd One Out!
9
One Thing in Common: United Kingdom II
10
The JOE quick-fire quiz: Day 170
Explore More
Trending Topics
Kpop
Anime
NBA
Disney
Harry Potter
Marvel
Crossword
Soccer
Pokémon
WWE
NFL
Puzzle
The Office
Song
Country
hide this ad
More By:
backguy
Quiz
Plays
Rating
Category
Featured
Created
Canadian Airport Codes
5,039
4.40
Geography
Dec 5, 2009
Universities in Canada
617
3.67
Miscellaneous
Feb 3, 2010
Canadian TV Shows
65
5.00
Television
Dec 17, 2011
Official Residences
60
5.00
History
Dec 11, 2012
Go to Creator's Profile
Score Distribution
Quiz Creator Spotlight
backguy
Follow
Send a Message
Quizzes Created
-
Created Quiz Play Count
-
More By This Creator
Popular Quizzes Today
1
Find the US States - No Outlines Minefield
2
Find the Countries of Europe - No Outlines Minefield
3
The Countries of the World
4
Find the US States
5
Risky Map Clicking: Biggest States A-Z
6
US States
7
Popular People in 1961
8
Movies - When Are They Set?
More Miscellaneous Quizzes
Logos Missing Colors
Editor's Pick
Trending Quizzes
Risky Map Clicking: Least Populous States A-Z
1-10 Letter G Words
1-10 Letter F Words
Risky Map Clicking: Next State Alphabetically
Adjectives in 80s TV Shows
Recently Updated
Leaping Animals
pecheneg
Reality TV Shows (A-Z)
bhenderson79
Rickey Henderson's Hall of Fame Teammates
pecheneg
Champions League XIs: Arsenal
pecheneg
Quick Pick: Celebrities in WWE's Hall of Fame
aduchscher
A-Z Keypad Blitz II
pecheneg
Multiple Oscar Actors
pecheneg
Mystery Phrase Blitz: Oscar 'Best Actors'
pecheneg
F. Scott Fitzgerald Novels
LTH
Pick 3 Villains
ddd62291
Trending Topics
Disney
Anime
Kpop
Marvel
Harry Potter
Crossword
NBA
The Office
WWE
Soccer
Song
Pokémon
Puzzle
NFL
Country
Your Account Isn't Verified!
In order to create a playlist on Sporcle, you need to verify the email address you used during registration. Go to your
Sporcle Settings
to finish the process.
Report this User
Report this user for behavior that violates our
Community Guidelines
.
Details:
Send Report
Go to the Sporcle.com Mobile Site →
Comments